[Event "San Benedetto del Tronto Martire 3rd"]
[Site "San Benedetto del Tronto"]
[Date "2010.11.14"]
[Round "5"]
[White "Okinczyc, Alessandro"]
[Black "Giobbi, Costantino"]
[Result "1/2-1/2"]
[WhiteElo "1683"]
[BlackElo "1916"]
[PlyCount "81"]
[EventDate "2010.11.07"]
[EventType "swiss"]
[EventRounds "6"]
[EventCountry "ITA"]
[SourceTitle "EXT 2024"]
[Source "ChessBase"]
[SourceDate "2023.10.10"]
[SourceVersion "1"]
[SourceVersionDate "2023.10.10"]
[SourceQuality "1"]

1. e4 e6 2. d4 d5 3. Nd2 c5 4. Ngf3 a6 5. Be2 dxe4 6. Nxe4 cxd4 7. Qxd4 Qxd4 8. Nxd4 Nd7 9. Be3 Ngf6 10. Nxf6+ Nxf6 11. 0-0 Be7 12. c4 0-0 13. Rfd1 Rd8 14. Bf3 Nd7 15. Nc2 Ne5 16. Be2 Rxd1+ 17. Rxd1 Kf8 18. a3 Ke8 19. c5 Bd7 20. f4 Ba4 21. Rd2 Nd7 22. b4 Nf6 23. Bf3 Nd5 24. Kf2 a5 25. Ne1 axb4 26. axb4 Bc6 27. Bxd5 Bxd5 28. Bd4 Bf6 29. Bxf6 gxf6 30. g3 Ra1 31. Nc2 Rb1 32. Ke3 Kd7 33. Kd3 Kc7 34. Ke3 b6 35. Kd4 Rb3 36. Rd3 bxc5+ 37. bxc5 e5+ 38. Ke3 Rxd3+ 39. Kxd3 Kc6 40. Ne3 exf4 41. gxf4 1/2-1/2